Normal view
MARC view
- السلوك التنظيمي
Entry Topical Term
001 - CONTROL NUMBER
- control field: 63590
003 - CONTROL NUMBER IDENTIFIER
- control field: JO-AjAnu
005 - DATE AND TIME OF LATEST TRANSACTION
- control field: 20230606084358.0
008 - FIXED-LENGTH DATA ELEMENTS
- fixed length control field: 230606|| aca||aabn | a|a d
040 ## - CATALOGING SOURCE
- Original cataloging agency: JO-AjAnu
- Transcribing agency: JO-AjAnu
150 ## - HEADING--TOPICAL TERM
- Topical term or geographic name entry element: السلوك التنظيمي
670 ## - SOURCE DATA FOUND
- Source citation: Work cat.: (JO-AjAnu)32421: اعداد المراشدة، أحمد عبدالرحيم عزام؛ اشراف محمود الروسان, author 63589, اثر استراتيجيات الاعمال على السلوك التنظيمي في شركات التأمين الاردنية(الثقافة التنظيمية متغير وسيط)=The Impact of Business Strategies on Organizational Behavior in Jordanian Insurance Companies (Organizational Culture is a Mediating Variable)